000 00522nam a2200217Ia 4500
003 OSt
005 20220928135156.0
006 a|||||r|||| 00| 0
007 ta
008 220927b |||||||| |||| 00| 0 eng d
024 _a820
037 _cTextual
040 _aSDCL
_cSDCL
_beng
041 _2eng
_aeng
082 _aX.6'N9, N2
100 _aSingh Harjinder
_9489474
245 0 _aEconomy of Africa
260 _c1992
942 _hX.6'N9, N2
_cTEXL
_2CC
999 _c804766
_d804766